• 首页
  • 本馆介绍
  • 公告通知
  • 最新文献
  • 馆藏检索
  • 电子资源
  • 读者导购
  • 参考咨询
  • 我的图书馆
  • 登录
  • 详细信息显示
  • 放入我的书架
  • 预约/预借图书
  • 作者相关作品
  • 分类相关作品
  • 丛书相关作品
  • 出版社相关作品

书目信息

  • 表格格式
  • 工作单格式
  • 卡片格式
题名:
云物理学基础
    
 
作者: ;北京大学地球物理系大气物理教研室云物理教学组 编
分册:  
出版信息: 北京   农业出版社  1981
页数: 258页
开本: 26cm
丛书名: 全国高等气象院试用教材
单 册:
中图分类: P426.5
科图分类:
主题词: 云物理学--教材
电子资源:
ISBN:
000 00817nam2 2200253 45
001 0181005405
005 20061122143255.45
010    @dCNY1.75
091    @aCN@b13144.237
100    @a19950727d1981 em y0chiy0121 ea
101 0  @achi
102    @aCN@b110000
105    @ay z 000yy
200 10 @a云物理学基础@Ayun wu li xue ji chu@f北京大学地球物理系大气物理教研室云物理教学组编
210    @a北京@c农业出版社@d1981
215    @a258页@d26cm
225 2  @a全国高等气象院试用教材@i大气物理专业用
410  0 @120010@a大气物理专业用
606    @a云物理学@x教材
690    @aP426.5@v3
711 02 @a北京大学地球物理系大气物理教研室云物理教学组@Abei jing da xue di qiu wu li xi da qi wu li jiao yan shi yun wu li jiao xue zu@4编
801  2 @aCN@bNLC@c20061122
801  0 @aCN@bTSSF
905    @a10447@dP426.5@e24
    
    云物理学基础/北京大学地球物理系大气物理教研室云物理教学组编.-北京:农业出版社,1981
    258页;26cm.-(全国高等气象院试用教材.大气物理专业用)
    
    
    ISBN :CNY1.75
    
●
相关链接 在E读中查询图书 在五车中查询图书 在当当中查询图书 在豆瓣中查询图书


正题名:云物理学基础     索取号:P426.5/24         预约/预借

序号 登录号 条形码 馆藏地/架位号 状态 备注
1 0218068   202108450   第二样本阅览室/ [索取号:P426.5/24] 在馆    
唐山师范学院图书馆 欢迎您!
大连网信软件有限公司© 版权所有